000 02155cam a2200541 i 4500
001 xx004921344
003 NUKAT
005 20260428083120.0
008 200805s2020 pl a |001 0dpol c
020 _a9788380989207
_q(oprawa miękka) :
_czł 20,00
035 _a(OCoLC)1183356954
035 _a(NUKAT)xx004921344
040 _aWR U/hb
_bpol
_erda
_cWR U/hbs
_dWR U/ms
_dWA 14/MBs
_dOLSZT 008/bak
045 2 _bd1940
_bd1942
046 _k2020
100 1 _aKalbarczyk, Sławomir
_d(1961- ).
_eAutor
_940736
245 1 0 _aArmia Andersa w ZSRS 1941-1942 :
_bniespełnione braterstwo broni z Armią Czerwoną /
_cSławomir Kalbarczyk.
246 3 _aArmia Andersa w Związku Socjalistycznych Republik Sowieckich 1941-1942
260 _aWarszawa :
_bInstytut Pamięci Narodowej,
_c2020.
300 _a175 stron :
_bilustracje kolorowe ;
_c25 cm.
336 _aTekst
_btxt
_2rdacontent
337 _aBez urządzenia pośredniczącego
_bn
_2rdamedia
338 _aWolumin
_bnc
_2rdacarrier
380 _aKsiążki
380 _aPublikacje popularnonaukowe
388 1 _a2001-
490 1 _aBiblioteka Biuletynu IPN ;
_vt. 6
504 _aBibliografia na stronach 166-171. Indeksy.
610 2 7 _aArmia Polska na Wschodzie
_2DBN
_940737
610 1 7 _aPolska.
_bPolskie Siły Zbrojne w ZSRR
_xhistoria.
_2kaba
_940739
648 7 _a1901-2000
_2DBN
_934996
648 7 _a1939-1945
_2DBN
_936042
650 7 _aII wojna światowa (1939-1945)
_2DBN
_935099
650 7 _aJeńcy wojenni
_2DBN
_935366
650 7 _aWięźniowie obozów
_2DBN
_936983
650 7 _aWięźniowie polityczni
_2DBN
_937312
650 7 _aWojsko Polskie (1939-1945)
_2DBN
_938939
651 7 _aPolska
_2DBN
_935076
651 7 _aZSRR
_2DBN
_937200
651 7 _aPolska
_xhistoria wojskowa
_y1918-.
_2kaba
_940738
655 7 _aOpracowanie
_2DBN
_935024
658 _aBezpieczeństwo i wojskowość
658 _aHistoria
710 2 _aInstytut Pamięci Narodowej - Komisja Ścigania Zbrodni przeciwko Narodowi Polskiemu.
_eWydawca
_4pbl
_911792
830 0 _aBiblioteka Biuletynu IPN
_vt. 6
_914044
920 _a978-83-8098-920-7 (oprawa miękka) : zł 20,00
942 _2ddc
_cBK_NM
999 _c27828
_d27828